| 000 | 00603cam a22002293a 4500 | ||
|---|---|---|---|
| 001 | 28459 | ||
| 003 | PGUSA | ||
| 005 | 20140828083620.0 | ||
| 008 | 090331s2009||||xxu|||||s|||||000 1 eng d | ||
| 040 |
_aPGUSA _beng |
||
| 042 | _adc | ||
| 050 | 4 | _aPR | |
| 100 | 1 |
_aAnstey, F., _d1856-1934 |
|
| 245 | 1 | 0 |
_aIn Brief Authority _h[electronic resource] / _cF. Anstey |
| 260 |
_bProject Gutenberg, _c2009 |
||
| 506 | _aPublic domain in the USA. | ||
| 516 | _aElectronic text | ||
| 653 | _aFiction | ||
| 830 | 0 |
_aProject Gutenberg _v28459 |
|
| 856 | 4 | 0 | _uhttp://www.gutenberg.org/ebooks/28459 |
| 942 | _cEB | ||
| 999 |
_c257714 _d257714 |
||